Movement of applied potassium in a sandy clay loam soil under rubber (Hevea brasiliensis) plantation (Record no. 51674)

MARC details
000 -LEADER
fixed length control field 00487nam a2200169Ia 4500
100 ## - MAIN ENTRY--AUTHOR NAME
Personal name Prasannakumari P.
245 #0 - TITLE STATEMENT
Title Movement of applied potassium in a sandy clay loam soil under rubber (Hevea brasiliensis) plantation
260 ## - PUBLICATION, DISTRIBUTION, ETC. (IMPRINT)
Name of publisher Natural Rubber Research
Year of publication 2004
300 ## - PHYSICAL DESCRIPTION
Number of Pages 168-171
650 ## - SUBJECT ADDED ENTRY--TOPICAL TERM
Topical Term Potassium
650 ## - SUBJECT ADDED ENTRY--TOPICAL TERM
Topical Term Rubber soil
700 ## - ADDED ENTRY--PERSONAL NAME
Personal name George S.
700 ## - ADDED ENTRY--PERSONAL NAME
Personal name Joseph M.[a]
700 ## - ADDED ENTRY--PERSONAL NAME
Personal name Punnoose K.I.
942 ## - ADDED ENTRY ELEMENTS (KOHA)
Koha item type Bibliography STAF
Holdings
Withdrawn status Lost status Damaged status Not for loan Home library Current library Date acquired Serial Enumeration / chronology Koha item type
      Bibliography RRII Library RRII Library 09/04/2014 Volume 17, Issue 2 Bibliography STAF